| 000 | 00540nam a2200181 i 4500 | ||
|---|---|---|---|
| 001 | 135210 | ||
| 003 | ES-MaACL | ||
| 005 | 20230906194830.0 | ||
| 007 | t| | ||
| 008 | 070711s1929 sp ||||1| spa d | ||
| 100 | 1 |
_aTomeo Lacrue, Mariano. _9110551 |
|
| 245 | 1 | 0 |
_aDatos analíticos de la resina de Okume / _cpor Mariano Tomeo Lacrué y J. García Viana. |
| 260 |
_aMadrid : _b[s.n.], _c1929. |
||
| 300 |
_a3 h. ; _c22 cm. |
||
| 700 | 1 |
_aGarcía Viana, Jacinto. _955397 |
|
| 852 |
_aES-MaACL _j1751-F-20 |
||
| 852 |
_aES-MaACL _j1757-F-3 |
||
| 999 |
_c135210 _d135210 |
||